[Event "Winnipeg TNT March op"]
[Site "Winnipeg"]
[Date "2002.03.05"]
[Round "1.4"]
[White "Haapamaki, Eric"]
[Black "Pottinger, Carl"]
[Result "1-0"]
[WhiteElo "1803"]
[BlackElo "1528"]
[PlyCount "119"]
[EventDate "2002.03.05"]
[EventType "swiss"]
[EventRounds "4"]
[EventCountry "CAN"]
[SourceTitle "EXT 2022"]
[Source "ChessBase"]
[SourceDate "2021.10.06"]
[SourceVersion "1"]
[SourceVersionDate "2021.10.06"]
[SourceQuality "1"]

1. e4 c5 2. Nf3 Nc6 3. d4 cxd4 4. Nxd4 g6 5. Be3 Bg7 6. Nc3 d6 7. f3 Bd7 8. Qd2 Rc8 9. h4 Nf6 10. 0-0-0 Ne5 11. Kb1 0-0 12. Be2 Qa5 13. g4 Nc4 14. Bxc4 Rxc4 15. h5 Rfc8 16. hxg6 fxg6 17. Rh2 Rxc3 18. bxc3 Rxc3 19. Nb3 Qb4 20. Bd4 Rc4 21. Qxb4 Rxb4 22. g5 Nh5 23. Bxg7 Kxg7 24. e5 a5 25. Kc1 a4 26. Nc5 dxc5 27. Rxd7 Kf7 28. Rc7 Ke6 29. Rxc5 b6 30. Rc7 Ng7 31. Rxh7 Nf5 32. Rc6+ Kxe5 33. Rxg6 Kf4 34. Rf7 a3 35. Rc6 Kxg5 36. Rc3 e5 37. Rxa3 Rc4 38. Kd2 Nd4 39. c3 Nf5 40. Rb3 Ra4 41. Rxb6 Rxa2+ 42. Kd3 Ra4 43. Rb4 Rxb4 44. cxb4 Nd6 45. Rd7 Nb5 46. Kc4 Na3+ 47. Kd5 Kf6 48. Rb7 Nc2 49. b5 Nb4+ 50. Ke4 Na2 51. Rb6+ Ke7 52. Kxe5 Nb4 53. Rb7+ Kd8 54. Kd6 Kc8 55. Rc7+ Kb8 56. b6 Na6 57. f4 Nb4 58. Rh7 Nd3 59. f5 Nf2 60. Kc6 1-0

[Event "Winnipeg Oliver Memorial"]
[Site "Winnipeg"]
[Date "2002.01.11"]
[Round "1.8"]
[White "Haapamaki, Eric"]
[Black "Trueman, Francis"]
[Result "1-0"]
[WhiteElo "1780"]
[BlackElo "1438"]
[PlyCount "47"]
[EventDate "2002.01.11"]
[EventType "swiss"]
[EventRounds "5"]
[EventCountry "CAN"]
[SourceTitle "EXT 2022"]
[Source "ChessBase"]
[SourceDate "2021.10.06"]
[SourceVersion "1"]
[SourceVersionDate "2021.10.06"]
[SourceQuality "1"]

1. e4 d6 2. d4 Nd7 3. Nc3 g6 4. Be3 Bg7 5. Qd2 e5 6. Bc4 exd4 7. Bxd4 Bxd4 8. Qxd4 Ngf6 9. 0-0-0 0-0 10. f4 Nb6 11. Bb3 Bd7 12. Nf3 a5 13. a3 a4 14. Ba2 Qe7 15. Rhe1 Ne8 16. e5 c5 17. Qf2 dxe5 18. Nxe5 Qd8 19. Qxc5 Rc8 20. Qd4 Nf6 21. Ne4 Kg7 22. Nxf6 Qc7 23. Nc4 Be6 24. Nd5+ 1-0

[Event "Winnipeg TNT April op"]
[Site "Winnipeg"]
[Date "2001.04.10"]
[Round "2"]
[White "Haapamaki, Eric"]
[Black "Curtis, Rory"]
[Result "0-1"]
[WhiteElo "1792"]
[BlackElo "1620"]
[PlyCount "70"]
[EventDate "2001.04.??"]
[EventType "swiss"]
[EventRounds "4"]
[EventCountry "CAN"]
[SourceTitle "EXT 2005"]
[Source "ChessBase"]
[SourceDate "2004.11.15"]
[SourceVersion "1"]
[SourceVersionDate "2004.11.15"]
[SourceQuality "1"]

1. e4 c5 2. Nf3 d6 3. d4 cxd4 4. Nxd4 Nf6 5. Nc3 a6 6. Bc4 e5 7. Nde2 b5 8. Bb3 b4 9. Na4 Bb7 10. f3 Be7 11. Be3 Nbd7 12. 0-0 0-0 13. Qe1 a5 14. Rd1 Rc8 15. c3 Ba6 16. Rf2 Bxe2 17. Rxe2 bxc3 18. Nxc3 Nc5 19. Bd5 Qb6 20. Na4 Qb5 21. Nxc5 dxc5 22. Rc2 Nxd5 23. Rxd5 Rc7 24. Qd2 f6 25. b3 Rfc8 26. Rc4 Kf7 27. Ra4 Ra8 28. Rxe5 fxe5 29. Qd5+ Kg6 30. Qxa8 Qe2 31. Qe8+ Kf6 32. Bg5+ Kxg5 33. g4 Kf4 34. Qf7+ Bf6 35. Qxc7 Kxf3 0-1

[Event "Winnipeg TNT Jan op"]
[Site "Winnipeg"]
[Date "2001.01.23"]
[Round "3"]
[White "Proulx, Roy"]
[Black "Haapamaki, Eric"]
[Result "1/2-1/2"]
[WhiteElo "1680"]
[BlackElo "1779"]
[PlyCount "152"]
[EventDate "2001.01.??"]
[EventType "swiss"]
[EventRounds "4"]
[EventCountry "CAN"]
[SourceTitle "EXT 2005"]
[Source "ChessBase"]
[SourceDate "2004.11.15"]
[SourceVersion "1"]
[SourceVersionDate "2004.11.15"]
[SourceQuality "1"]

1. d4 Nf6 2. Bg5 Ne4 3. Bf4 g5 4. f3 gxf4 5. fxe4 Bh6 6. Nf3 c5 7. d5 d6 8. c3 Nd7 9. Nbd2 Nf6 10. Qc2 Ng4 11. Nc4 b5 12. h3 Nf6 13. Ncd2 Bd7 14. 0-0-0 a5 15. Nh4 b4 16. c4 a4 17. Ndf3 b3 18. axb3 axb3 19. Qb1 Nxe4 20. Rd3 Nf2 21. Rg1 Nxd3+ 22. exd3 Qa5 23. Be2 Qa2 24. Bd1 Kd8 25. Nd2 Ba4 26. Nf5 Bg5 27. Ne4 Bf6 28. Nxf6 exf6 29. Nxd6 Qxb1+ 30. Kxb1 Ke7 31. Nf5+ Kf8 32. Bf3 Bd7 33. Be4 Bxf5 34. Bxf5 Re8 35. Be4 Rg8 36. Kc1 Re5 37. Kd2 Rg3 38. Bf3 Ke7 39. Kc3 Re3 40. Rd1 Kd6 41. Kxb3 Rexf3 42. gxf3 Rxf3 43. Kc3 Rxh3 44. Rf1 Rh4 45. b4 cxb4+ 46. Kxb4 Rg4 47. Kc3 h5 48. Kd4 h4 49. c5+ Kd7 50. Ke4 h3 51. Rh1 Rg3 52. d4 f3 53. Ke3 f2+ 54. Kxf2 Rd3 55. c6+ Kc7 56. Rc1 Rxd4 57. Rc5 h2 58. Kg2 Rd2+ 59. Kh1 f5 60. Rb5 Kd6 61. Rb7 Rxd5 62. Rd7+ Kxc6 63. Rxf7 Kd6 64. Kxh2 Ke6 65. Rf8 Rd4 66. Kg3 Rd3+ 67. Kf4 Rd4+ 68. Kg5 Rg4+ 69. Kh5 Ke5 70. Rb8 Re4 71. Kg5 Rg4+ 72. Kh5 Rd4 73. Kg5 f4 74. Re8+ Kd5 75. Kg4 Kc4 76. Kf3 Kd3 1/2-1/2

[Event "Winnipeg Kent Oliver Memorial"]
[Site "Winnipeg"]
[Date "2001.01.12"]
[Round "1"]
[White "Haapamaki, Eric"]
[Black "Sitter, Wayne"]
[Result "0-1"]
[WhiteElo "1769"]
[BlackElo "1599"]
[PlyCount "84"]
[EventDate "2001.01.??"]
[EventType "swiss"]
[EventRounds "5"]
[EventCountry "CAN"]
[SourceTitle "EXT 2005"]
[Source "ChessBase"]
[SourceDate "2004.11.15"]
[SourceVersion "1"]
[SourceVersionDate "2004.11.15"]
[SourceQuality "1"]

1. e4 g6 2. d4 d6 3. c4 Bg7 4. Nf3 Nd7 5. Be2 c5 6. d5 Nh6 7. 0-0 0-0 8. Nc3 f5 9. exf5 Nxf5 10. Ne4 Ne5 11. Ned2 a6 12. Nxe5 Bxe5 13. Nf3 Bg7 14. a3 e6 15. dxe6 Bxe6 16. Ng5 Bd7 17. Qd5+ Kh8 18. Nf7+ Rxf7 19. Qxf7 Nd4 20. Bd3 Nb3 21. Rb1 Nxc1 22. Rfxc1 Bc6 23. Re1 Qg5 24. Bf1 Rf8 25. Qe7 Qg4 26. Qe3 Qf5 27. Bd3 Qg4 28. Qg3 Qd4 29. b3 Be5 30. Qe3 Qh4 31. g3 Qf6 32. Rf1 Bd4 33. Qe2 Bf3 34. Qd2 g5 35. Be2 Be4 36. Bd3 Bf3 37. Be2 g4 38. Bxf3 gxf3 39. h4 Rg8 40. Kh2 Rg4 41. Kh3 Rxh4+ 42. gxh4 Qf5+ 0-1

[Event "Winnipeg TNT Jan op"]
[Site "Winnipeg"]
[Date "2001.01.09"]
[Round "1"]
[White "Weijs, Harry"]
[Black "Haapamaki, Eric"]
[Result "1/2-1/2"]
[WhiteElo "1518"]
[BlackElo "1768"]
[PlyCount "77"]
[EventDate "2001.01.??"]
[EventType "swiss"]
[EventRounds "4"]
[EventCountry "CAN"]
[SourceTitle "EXT 2005"]
[Source "ChessBase"]
[SourceDate "2004.11.15"]
[SourceVersion "1"]
[SourceVersionDate "2004.11.15"]
[SourceQuality "1"]

1. d4 Nf6 2. Bg5 Ne4 3. Bf4 g5 4. f3 gxf4 5. fxe4 Bh6 6. Nf3 c5 7. c3 cxd4 8. Qxd4 0-0 9. g3 Nc6 10. Qd5 Qa5 11. gxf4 Bxf4 12. Rg1+ Kh8 13. Rg4 Bc7 14. Nbd2 e6 15. Qxa5 Nxa5 16. e3 a6 17. 0-0-0 b5 18. Rh4 Bb7 19. Nb3 Nxb3+ 20. axb3 Rad8 21. Ng5 Kg7 22. Bd3 h6 23. Nf3 Rh8 24. Rg1+ Kf8 25. Ng5 Ke7 26. Nf3 Bb6 27. Nd4 Bc7 28. Rh5 Rdg8 29. Rxg8 Rxg8 30. Nf3 f5 31. Nd2 fxe4 32. Bf1 Rg6 33. Kd1 Kf6 34. b4 Kg7 35. Nb3 Rg1 36. Ke1 Rh1 37. Nc5 Bc8 38. Nxe4 Rxh2 39. Rc5 1/2-1/2

[Event "Winnipeg Mike Shpan Memorial"]
[Site "Winnipeg"]
[Date "2000.11.14"]
[Round "2"]
[White "Czarny, Keith"]
[Black "Haapamaki, Eric"]
[Result "1/2-1/2"]
[WhiteElo "1674"]
[BlackElo "1768"]
[PlyCount "63"]
[EventDate "2000.11.07"]
[EventType "swiss"]
[EventRounds "6"]
[EventCountry "CAN"]
[SourceTitle "EXT 2003"]
[Source "ChessBase"]
[SourceDate "2002.11.25"]
[SourceVersion "1"]
[SourceVersionDate "2002.11.25"]
[SourceQuality "1"]

1. Nf3 Nf6 2. g3 d5 3. Bg2 g6 4. 0-0 Bg7 5. d4 0-0 6. c4 c6 7. Nc3 dxc4 8. e4 Nbd7 9. Bf4 Nb6 10. Qd2 Re8 11. h3 e6 12. Bg5 Qc7 13. e5 Nfd5 14. Ne4 Nd7 15. Bh6 f6 16. exf6 N7xf6 17. Nxf6+ Nxf6 18. Rfe1 Bd7 19. Bxg7 Kxg7 20. Ne5 Rad8 21. Qf4 Bc8 22. Nxg6 Qxf4 23. Nxf4 Rxd4 24. Rad1 Rxd1 25. Rxd1 Nd5 26. Ne2 Kf6 27. Rd4 b5 28. Rh4 Re7 29. Nd4 Bd7 30. Be4 e5 31. Nxb5 cxb5 32. Bxd5 1/2-1/2

[Event "Winnipeg Tuesday Night op 9th"]
[Site "Winnipeg"]
[Date "2000.10.03"]
[Round "4"]
[White "Haapamaki, Eric"]
[Black "Bays, Derek"]
[Result "1-0"]
[WhiteElo "1761"]
[BlackElo "1548"]
[PlyCount "61"]
[EventDate "2000.09.??"]
[EventType "swiss"]
[EventRounds "6"]
[EventCountry "CAN"]
[SourceTitle "EXT 2005"]
[Source "ChessBase"]
[SourceDate "2004.11.15"]
[SourceVersion "1"]
[SourceVersionDate "2004.11.15"]
[SourceQuality "1"]

1. e4 c6 2. d4 d5 3. Nd2 dxe4 4. Nxe4 Nd7 5. Bc4 e6 6. Qe2 Ndf6 7. Ng5 Nd5 8. Bd2 Be7 9. N5f3 Ngf6 10. Ne5 0-0 11. 0-0-0 Qc7 12. Ngf3 b5 13. Bd3 Nb4 14. Bxb4 Bxb4 15. h4 a5 16. g4 g6 17. h5 a4 18. hxg6 fxg6 19. Rh6 Nxg4 20. Nxg4 Qf4+ 21. Nd2 Qxd4 22. Qe4 Qxe4 23. Nxe4 Be7 24. Rdh1 Rf7 25. Ne5 a3 26. Nxf7 axb2+ 27. Kxb2 Kxf7 28. Rxh7+ Ke8 29. Rh8+ Kd7 30. R1h7 Bb7 31. Nc5+ 1-0